000 01123nam a2200313 i 4500
003 CO-BoRNBP
005 20220317000452.0
007 ta
008 200326s2008 mx a gr 000 0 spa d
020 _a9786074450064
040 _aCO-BoRNBP
_bspa
_erda
_cCO-BoRNBP
041 0 _aspa
082 0 4 _a860
_bL36
_223
084 _aP LEO5
100 1 _aLeón-Portilla, Miguel
_eautor
245 1 3 _aLa tinta negra y roja
_bantología de poesía náhuatl
_cMiguel León-Portilla ; selección de Coral Bracho, Marcelo Uribe ; ilustrado por Vicente Rojo
250 _aPrimera edición
264 1 _aMéxico
_bEl Colegio Nacional
_bCírculo de Lectores
_bGalaxia Gutenberg
_c2008
300 _a381 páginas
_bilustraciones a color
_c21 cm
336 _2rdacontent
_atexto
_btxt
337 _2rdamedia
_asin mediación
_bn
338 _2rdacarrier
_avolumen
_bnc
650 1 7 _aPoesía indígena mexicana
_2ARMARC
650 1 7 _aLiteratura indígena mexicana
_2ARMARC
700 1 _aRojo, Vicente
_eilustrador
_9205214
700 1 _aBracho, Coral
_eselección
_916446
700 1 _aUribe, Marcelo
_eselección
_916447
942 _2loc
_cBKLIT
999 _c4129
_d4129